[Event "Hessenliga 1921"]
[Site "Hessen"]
[Date "2020.03.08"]
[Round "7.6"]
[White "Rueger, Erhard"]
[Black "Diyap, Murat"]
[Result "1/2-1/2"]
[WhiteElo "2108"]
[BlackElo "2168"]
[PlyCount "91"]
[EventDate "2019.09.22"]
[EventType "team-tourn"]
[EventRounds "9"]
[EventCountry "GER"]
[SourceTitle "EXT 2024"]
[Source "ChessBase"]
[SourceDate "2023.10.10"]
[SourceVersion "1"]
[SourceVersionDate "2023.10.10"]
[SourceQuality "1"]
[WhiteTeam "Frankfurt Bvk"]
[BlackTeam "Frankfurt TV"]
[WhiteTeamCountry "GER"]
[BlackTeamCountry "GER"]

1. Nf3 Nf6 2. g3 g6 3. Bg2 Bg7 4. c4 0-0 5. 0-0 d6 6. Nc3 c5 7. d4 Na6 8. h3 cxd4 9. Nxd4 Nc5 10. b4 Ne6 11. Be3 Bd7 12. Rc1 Rc8 13. Qd3 Nxd4 14. Bxd4 Be6 15. Nd5 Bxd5 16. cxd5 a6 17. Rc2 Rxc2 18. Qxc2 Qd7 19. Rc1 Ne8 20. Bxg7 Kxg7 21. a4 e5 22. e3 f5 23. f4 Nf6 24. fxe5 dxe5 25. Qc7 Rf7 26. Qxe5 Qxa4 27. Rc7 Qe8 28. Qc3 Qd8 29. Rxf7+ Kxf7 30. Qd4 Ne8 31. Qh8 h5 32. Qd4 Nd6 33. Kf2 b6 34. Bf3 a5 35. bxa5 bxa5 36. Qc5 h4 37. Qa7+ Qe7 38. Qxa5 hxg3+ 39. Kxg3 Qxe3 40. Qc7+ Qe7 41. Qxe7+ Kxe7 42. Kf4 Kf6 43. h4 Nf7 44. Be2 Ne5 45. Bb5 Nf7 46. Be2 1/2-1/2

[Event "Hessenliga 1921"]
[Site "Hessen"]
[Date "2019.12.01"]
[Round "4.5"]
[White "Diaz, Joaquin"]
[Black "Diyap, Murat"]
[Result "1/2-1/2"]
[WhiteElo "2102"]
[BlackElo "2168"]
[PlyCount "58"]
[EventDate "2019.09.22"]
[EventType "team-tourn"]
[EventRounds "9"]
[EventCountry "GER"]
[SourceTitle "EXT 2024"]
[Source "ChessBase"]
[SourceDate "2023.10.10"]
[SourceVersion "1"]
[SourceVersionDate "2023.10.10"]
[SourceQuality "1"]
[WhiteTeam "Griesheim II"]
[BlackTeam "Frankfurt TV"]
[WhiteTeamCountry "GER"]
[BlackTeamCountry "GER"]

1. e4 c5 2. Nf3 Nc6 3. d4 cxd4 4. Nxd4 g6 5. c4 Bg7 6. Be3 Nf6 7. Nc3 0-0 8. Be2 d6 9. 0-0 Bd7 10. Qd2 Ng4 11. Nxc6 bxc6 12. Bxg4 Bxg4 13. Bh6 Bxh6 14. Qxh6 Be6 15. b3 a5 16. Rac1 Qb6 17. Rfd1 Qc5 18. Na4 Qe5 19. c5 d5 20. exd5 Bxd5 21. Nb6 Rad8 22. Qh4 Be6 23. Rxd8 Rxd8 24. Qxe7 Rd2 25. Nc4 Qc3 26. Nxd2 Qxc1+ 27. Nf1 Qb1 28. Qd8+ Kg7 29. Qd4+ Kg8 1/2-1/2

[Event "Rhein Main op-A 22nd"]
[Site "Bad Homburg"]
[Date "2019.06.22"]
[Round "5"]
[White "Spitzl, Vinzent"]
[Black "Diyap, Murat"]
[Result "0-1"]
[WhiteElo "2263"]
[BlackElo "2111"]
[PlyCount "68"]
[EventDate "2019.06.19"]
[EventType "swiss"]
[EventRounds "9"]
[EventCountry "GER"]
[SourceTitle "EXT 2020"]
[Source "ChessBase"]
[SourceDate "2019.10.17"]
[SourceVersion "1"]
[SourceVersionDate "2019.10.17"]
[SourceQuality "1"]

1. Nf3 Nf6 2. b3 g6 3. Bb2 Bg7 4. g3 c5 5. c4 Nc6 6. Bg2 d6 7. d4 cxd4 8. Nxd4 Nxd4 9. Bxd4 0-0 10. 0-0 Qc7 11. Nc3 Be6 12. Nb5 Qb8 13. Bb2 Bd7 14. Nd4 Qc7 15. Qd2 Bc6 16. Nxc6 bxc6 17. f4 Ng4 18. Bxg7 Kxg7 19. Qc3+ Kg8 20. c5 d5 21. e4 dxe4 22. Bxe4 Nf6 23. Bf3 Nd5 24. Bxd5 cxd5 25. b4 Rab8 26. f5 e5 27. fxe6 fxe6 28. Rxf8+ Rxf8 29. Rf1 Rxf1+ 30. Kxf1 Qc6 31. Kf2 Kf7 32. Ke3 h5 33. Kf4 Qc7+ 34. Qe5 g5+ 0-1

[Event "Rhein Main op-A 22nd"]
[Site "Bad Homburg"]
[Date "2019.06.21"]
[Round "4"]
[White "Diyap, Murat"]
[Black "Schmitz, Tim"]
[Result "1-0"]
[WhiteElo "2111"]
[BlackElo "1835"]
[PlyCount "77"]
[EventDate "2019.06.19"]
[EventType "swiss"]
[EventRounds "9"]
[EventCountry "GER"]
[SourceTitle "EXT 2020"]
[Source "ChessBase"]
[SourceDate "2019.10.17"]
[SourceVersion "1"]
[SourceVersionDate "2019.10.17"]
[SourceQuality "1"]

1. e4 c5 2. Nf3 d6 3. d4 cxd4 4. Nxd4 Nf6 5. Nc3 a6 6. Bg5 e6 7. Be2 Be7 8. Qd2 h6 9. Bh4 Qc7 10. Bg3 e5 11. Nb3 Be6 12. 0-0 0-0 13. f4 Nbd7 14. Bd3 b5 15. fxe5 dxe5 16. Kh1 Rfd8 17. Qe2 Rac8 18. Nd4 Nc5 19. Nxe6 fxe6 20. a3 Rxd3 21. cxd3 Nb3 22. Rad1 Nd4 23. Qd2 Nh5 24. Bf2 Bg5 25. Be3 Nf4 26. Bxf4 Bxf4 27. Qf2 Qe7 28. g3 Bg5 29. Qg2 a5 30. h4 b4 31. hxg5 bxc3 32. bxc3 Rxc3 33. gxh6 Qg5 34. hxg7 Rc2 35. Qh3 Kxg7 36. Rb1 Rc7 37. Rb8 Qh6 38. Rg8+ Kh7 39. Rh8+ 1-0

[Event "Karlsruhe Grenke op"]
[Site "Karlsruhe"]
[Date "2019.04.18"]
[Round "1"]
[White "Garriga Cazorla, Pere"]
[Black "Diyap, Murat"]
[Result "1-0"]
[WhiteElo "2445"]
[BlackElo "2111"]
[PlyCount "107"]
[EventDate "2019.04.18"]
[EventType "swiss"]
[EventRounds "9"]
[EventCountry "GER"]
[SourceTitle "CBM 189 Extra"]
[Source "ChessBase"]
[SourceDate "2019.05.31"]
[SourceVersion "1"]
[SourceVersionDate "2019.05.31"]
[SourceQuality "1"]

1. d4 Nf6 2. c4 g6 3. Nc3 Bg7 4. e4 d6 5. Nf3 0-0 6. h3 e5 7. d5 Nbd7 8. Bg5 h6 9. Be3 Qe7 10. g4 Ne8 11. Rg1 c5 12. a3 Nc7 13. b4 b6 14. Rb1 a5 15. bxc5 bxc5 16. Bd3 Ra6 17. Ke2 Nb6 18. h4 Bd7 19. Qd2 Kh7 20. h5 g5 21. Nh2 Rb8 22. Rb2 Qd8 23. Rgb1 Qc8 24. f3 Bf6 25. Nf1 Ne8 26. Ng3 Bd8 27. Qc2 Rba8 28. Nb5 Bxb5 29. Rxb5 a4 30. Bd2 Qd7 31. Bc3 Ng7 32. Nf1 f6 33. Ne3 Kg8 34. Qd2 Qa7 35. Kf1 Kf8 36. Nc2 Ne8 37. Qf2 Kg8 38. Bd2 Qd7 39. Be3 Bc7 40. Kg1 Bd8 41. Bf1 Rc8 42. Ne1 Qa7 43. Kh1 Nc7 44. R5b2 Ne8 45. Nd3 Ra5 46. Nb4 cxb4 47. axb4 Ra6 48. c5 a3 49. Ra2 dxc5 50. bxc5 Na4 51. Bxa6 Qxa6 52. Rxa3 Qc4 53. Rc1 Qb4 54. Qa2 1-0

[Event "Hessenliga 1819"]
[Site "Hessen"]
[Date "2019.02.03"]
[Round "5.5"]
[White "Riebel, Werner"]
[Black "Diyap, Murat"]
[Result "0-1"]
[WhiteElo "2115"]
[BlackElo "2111"]
[PlyCount "74"]
[EventDate "2018.09.23"]
[EventType "team-tourn"]
[EventRounds "9"]
[EventCountry "GER"]
[SourceTitle "EXT 2020"]
[Source "ChessBase"]
[SourceDate "2019.10.17"]
[SourceVersion "1"]
[SourceVersionDate "2019.10.17"]
[SourceQuality "1"]
[WhiteTeam "Bensheim"]
[BlackTeam "Frankfurt TV"]
[WhiteTeamCountry "GER"]
[BlackTeamCountry "GER"]

1. d4 d5 2. Bg5 Nf6 3. e3 c6 4. c3 Bf5 5. Nd2 Nbd7 6. Ngf3 h6 7. Bh4 e6 8. Ne5 Nxe5 9. dxe5 g5 10. Bxg5 hxg5 11. exf6 Qxf6 12. Qa4 Bd6 13. Be2 Bg6 14. h3 Bc5 15. Nf3 Be4 16. Rg1 0-0-0 17. Nd2 Bg6 18. Nf3 Kb8 19. Qg4 Rh5 20. 0-0-0 e5 21. Qa4 Rhh8 22. Rgf1 Qf5 23. Nd2 d4 24. e4 Qf4 25. g3 Qf6 26. c4 Rxh3 27. b4 Be7 28. Bg4 Rh2 29. f3 Rdh8 30. Qb3 Rg2 31. Rg1 Rhh2 32. c5 Qh8 33. a4 Rxd2 34. Rxd2 Rxd2 35. b5 cxb5 36. Qxb5 a6 37. Qd7 Qh2 0-1

[Event "Oberliga Ost-B 1718"]
[Site "Germany"]
[Date "2018.01.21"]
[Round "5.3"]
[White "Alber, Horst"]
[Black "Diyap, Murat"]
[Result "1-0"]
[WhiteElo "2296"]
[BlackElo "2093"]
[PlyCount "57"]
[EventDate "2017.10.22"]
[EventType "team-tourn"]
[EventRounds "11"]
[EventCountry "GER"]
[SourceTitle "EXT 2019"]
[Source "ChessBase"]
[SourceDate "2018.10.10"]
[SourceVersion "1"]
[SourceVersionDate "2018.10.10"]
[SourceQuality "1"]
[WhiteTeam "Marburg"]
[BlackTeam "Frankfurt TV"]
[WhiteTeamCountry "GER"]
[BlackTeamCountry "GER"]

1. d4 d5 2. Bg5 Nf6 3. Bxf6 exf6 4. e3 g6 5. Nc3 Bg7 6. Nge2 Nc6 7. Nf4 Ne7 8. h4 Qd6 9. g3 Be6 10. Bg2 0-0 11. h5 Rfd8 12. Qe2 c5 13. hxg6 hxg6 14. Nb5 Qb6 15. dxc5 Qxc5 16. Nd4 Bd7 17. 0-0-0 Bc6 18. Qg4 Rac8 19. Qh3 Bd7 20. Qh7+ Kf8 21. c3 b5 22. Nb3 Qc4 23. Rh4 Bf5 24. Nxg6+ fxg6 25. Rxc4 Rxc4 26. e4 Bxe4 27. f3 Kf7 28. Qh1 Rh8 29. Qf1 1-0

[Event "Oberliga Ost-B 1617"]
[Site "Germany"]
[Date "2017.01.15"]
[Round "5.5"]
[White "Diyap, Murat"]
[Black "Vollmar, Rainer"]
[Result "1-0"]
[WhiteElo "2084"]
[BlackElo "2143"]
[PlyCount "101"]
[EventDate "2016.10.16"]
[EventType "team-tourn"]
[EventRounds "11"]
[EventCountry "GER"]
[SourceTitle "EXT 2018"]
[Source "ChessBase"]
[SourceDate "2017.10.13"]
[SourceVersion "1"]
[SourceVersionDate "2017.10.13"]
[SourceQuality "1"]
[WhiteTeam "Frankfurt TV"]
[BlackTeam "Frankfurt BvK"]
[WhiteTeamCountry "GER"]
[BlackTeamCountry "GER"]

1. e4 c5 2. Nf3 Nc6 3. Nc3 g6 4. d4 cxd4 5. Nxd4 Bg7 6. Nb3 Nf6 7. Be2 0-0 8. Be3 d6 9. Qd2 Be6 10. Bh6 Rc8 11. h4 Ne5 12. h5 Qb6 13. hxg6 fxg6 14. f3 a5 15. 0-0-0 Nc4 16. Qg5 Bxh6 17. Qxh6 Qe3+ 18. Qxe3 Nxe3 19. Rdg1 a4 20. Nd4 Bd7 21. Bb5 a3 22. Kd2 e5 23. Kxe3 Rxc3+ 24. bxc3 exd4+ 25. cxd4 Bxb5 26. Rb1 Ba6 27. Rb3 d5 28. e5 Nd7 29. Rhb1 Rc8 30. Kd2 Rc6 31. Rc3 Rxc3 32. Kxc3 Kf7 33. Kb4 Ke6 34. Kxa3 Ke7 35. Kb4 Nb6 36. Rh1 h5 37. g4 hxg4 38. Rh7+ Kf8 39. fxg4 Nc4 40. Kc5 Ne3 41. e6 Nxg4 42. e7+ Ke8 43. Kd6 Bb5 44. Rh8+ Kf7 45. Rf8+ Kg7 46. e8Q Bxe8 47. Rxe8 b5 48. Rb8 Ne3 49. Rxb5 g5 50. Rb3 Nxc2 51. Kxd5 1-0

[Event "Oberliga Ost-B 1617"]
[Site "Germany"]
[Date "2016.12.04"]
[Round "4.5"]
[White "Diyap, Murat"]
[Black "Reichel, Norbert"]
[Result "1-0"]
[WhiteElo "2084"]
[BlackElo "2131"]
[PlyCount "73"]
[EventDate "2016.10.16"]
[EventType "team-tourn"]
[EventRounds "11"]
[EventCountry "GER"]
[SourceTitle "EXT 2018"]
[Source "ChessBase"]
[SourceDate "2017.10.13"]
[SourceVersion "1"]
[SourceVersionDate "2017.10.13"]
[SourceQuality "1"]
[WhiteTeam "Frankfurt TV"]
[BlackTeam "Erfurt Medizin"]
[WhiteTeamCountry "GER"]
[BlackTeamCountry "GER"]

1. e4 c5 2. Nf3 g6 3. Nc3 Bg7 4. d4 cxd4 5. Nxd4 Nc6 6. Nb3 Nf6 7. Be2 a5 8. a4 0-0 9. Be3 d6 10. Qd2 Ng4 11. Bxg4 Bxg4 12. Bh6 Re8 13. h4 Bh8 14. h5 Be6 15. Nd5 Bxd5 16. hxg6 fxg6 17. exd5 Ne5 18. Nd4 Qb6 19. c3 Nc4 20. Qe2 e5 21. Nb5 Qc5 22. b3 Nb6 23. Be3 Qxd5 24. Bxb6 Qxg2 25. 0-0-0 Rec8 26. Qd2 Bg7 27. Qd5+ Qxd5 28. Rxd5 Ra6 29. Bc7 e4 30. c4 Rf8 31. Rh2 Be5 32. Rg2 Bf4+ 33. Kd1 Rf6 34. Ke2 Re6 35. c5 Re5 36. Rxd6 Re8 37. Rxa6 1-0

[Event "GER-chT U20"]
[Site "Naumburg Saale"]
[Date "2014.12.29"]
[Round "5.2"]
[White "Diyap, Murat"]
[Black "Kieslich, Aaron"]
[Result "1/2-1/2"]
[WhiteElo "2066"]
[BlackElo "1944"]
[PlyCount "78"]
[EventDate "2014.12.27"]
[EventType "team-swiss"]
[EventRounds "7"]
[EventCountry "GER"]
[SourceTitle "EXT 2016"]
[Source "ChessBase"]
[SourceDate "2015.10.08"]
[SourceVersion "1"]
[SourceVersionDate "2015.10.08"]
[SourceQuality "1"]
[WhiteTeam "Frankfurt TV"]
[BlackTeam "Coswig TuS"]
[WhiteTeamCountry "GER"]
[BlackTeamCountry "GER"]

1. e4 c5 2. Nf3 d6 3. d4 cxd4 4. Nxd4 Nf6 5. Nc3 a6 6. Be2 e6 7. 0-0 Qc7 8. f4 b5 9. Bf3 Bb7 10. a3 Nbd7 11. Nb3 Rc8 12. Be3 Nb6 13. Na5 Ba8 14. Qe1 d5 15. e5 Nfd7 16. Qf2 Na4 17. Nxa4 bxa4 18. Qe1 Bc5 19. b4 Bxe3+ 20. Qxe3 0-0 21. Be2 d4 22. Qxd4 Qxc2 23. Rf2 Qc3 24. Qxc3 Rxc3 25. Bxa6 Nb6 26. Rd2 Bd5 27. Kf2 f6 28. Kg1 fxe5 29. fxe5 Rf5 30. Re2 Nd7 31. Bb5 Nxe5 32. Bxa4 Rg5 33. Kh1 Rh3 34. Kg1 Rc3 35. Kf1 Nc4 36. Bc6 Nxa5 37. Bxd5 Rxd5 38. bxa5 Rxa5 39. a4 Rc4 1/2-1/2

[Event "GER-chT U20"]
[Site "Naumburg Saale"]
[Date "2014.12.28"]
[Round "4.2"]
[White "Moehn, Hans"]
[Black "Diyap, Murat"]
[Result "1/2-1/2"]
[WhiteElo "2266"]
[BlackElo "2066"]
[PlyCount "81"]
[EventDate "2014.12.27"]
[EventType "team-swiss"]
[EventRounds "7"]
[EventCountry "GER"]
[SourceTitle "EXT 2016"]
[Source "ChessBase"]
[SourceDate "2015.10.08"]
[SourceVersion "1"]
[SourceVersionDate "2015.10.08"]
[SourceQuality "1"]
[WhiteTeam "Dresden TU"]
[BlackTeam "Frankfurt TV"]
[WhiteTeamCountry "GER"]
[BlackTeamCountry "GER"]

1. Nf3 Nf6 2. c4 e6 3. g3 Be7 4. Bg2 0-0 5. 0-0 d5 6. d4 c6 7. Qc2 Nbd7 8. Rd1 b6 9. b3 Bb7 10. Nc3 Rc8 11. Bb2 Qc7 12. Rac1 c5 13. cxd5 Nxd5 14. Nxd5 Bxd5 15. e4 Ba8 16. d5 exd5 17. exd5 Qd6 18. Nd2 Qg6 19. Be4 f5 20. Bg2 Bf6 21. Nc4 Bxb2 22. Qxb2 f4 23. Rd2 Rcd8 24. Bh3 Qh5 25. Be6+ Kh8 26. Re1 Nf6 27. Qe5 fxg3 28. hxg3 Qh6 29. Kg2 Rde8 30. f3 Nxd5 31. Rxd5 Rxe6 32. Qxe6 Qxe6 33. Rxe6 Bxd5 34. Re3 Kg8 35. Ne5 Re8 36. Kf2 g6 37. f4 Re7 38. Rd3 Be6 39. Rd8+ Kg7 40. Ke3 Bf5 41. Rd6 1/2-1/2

[Event "GER-chT U20"]
[Site "Naumburg Saale"]
[Date "2014.12.27"]
[Round "1.2"]
[White "Diyap, Murat"]
[Black "Uksini, Bardhyl"]
[Result "1-0"]
[WhiteElo "2066"]
[BlackElo "2109"]
[PlyCount "71"]
[EventDate "2014.12.27"]
[EventType "team-swiss"]
[EventRounds "7"]
[EventCountry "GER"]
[SourceTitle "EXT 2016"]
[Source "ChessBase"]
[SourceDate "2015.10.08"]
[SourceVersion "1"]
[SourceVersionDate "2015.10.08"]
[SourceQuality "1"]
[WhiteTeam "Frankfurt TV"]
[BlackTeam "Hamburger SK"]
[WhiteTeamCountry "GER"]
[BlackTeamCountry "GER"]

1. e4 c5 2. b3 b6 3. Bb2 Bb7 4. Nc3 d6 5. g3 Nf6 6. Bg2 e6 7. d3 Nbd7 8. f4 a6 9. Nf3 Be7 10. Qe2 Qc7 11. 0-0 0-0 12. Nd1 Rac8 13. c4 b5 14. Ne3 Ne8 15. f5 Bf6 16. fxe6 fxe6 17. Bh3 e5 18. Ng5 Bxg5 19. Be6+ Kh8 20. Bxd7 Bxe3+ 21. Qxe3 Nf6 22. Bxc8 Bxc8 23. cxb5 axb5 24. Qe2 Qb6 25. Bc1 Be6 26. Bg5 c4+ 27. Qf2 Qb7 28. bxc4 bxc4 29. Rab1 Qa8 30. Bxf6 gxf6 31. Qe3 c3 32. Rbc1 Qa5 33. Qh6 Qa7+ 34. Kh1 Qe7 35. Rxc3 f5 36. Rc7 1-0

[Event "Hessen-ch U18"]
[Site "Bad Homburg"]
[Date "2014.04.18"]
[Round "6"]
[White "Diyap, Murat"]
[Black "Dittmar, Lars"]
[Result "1-0"]
[WhiteElo "1981"]
[BlackElo "1821"]
[PlyCount "49"]
[EventDate "2014.04.??"]
[EventType "swiss"]
[EventRounds "7"]
[EventCountry "GER"]
[SourceTitle "EXT 2022"]
[Source "ChessBase"]
[SourceDate "2021.10.06"]
[SourceVersion "1"]
[SourceVersionDate "2021.10.06"]
[SourceQuality "1"]

1. e4 c5 2. Nf3 Nc6 3. d4 cxd4 4. Nxd4 g6 5. Nc3 Bg7 6. Nb3 Nf6 7. Be2 0-0 8. 0-0 a6 9. Be3 d6 10. f4 b5 11. Bf3 e5 12. Qd2 Qc7 13. Rad1 Rd8 14. Qf2 Rb8 15. fxe5 dxe5 16. Bg5 Rxd1 17. Bxd1 Ne8 18. Nd5 Qb7 19. Ne7+ Nxe7 20. Qxf7+ Kh8 21. Bxe7 h5 22. Qxe8+ Kh7 23. Bd6 Ra8 24. Qe7 Qxe4 25. Bf3 1-0

[Event "Rhein Main op-A 16th"]
[Site "Bad Homburg"]
[Date "2013.05.31"]
[Round "4"]
[White "Diyap, Murat"]
[Black "Mussler, Thomas"]
[Result "1/2-1/2"]
[WhiteElo "1944"]
[BlackElo "2090"]
[PlyCount "100"]
[EventDate "2013.05.29"]
[EventType "swiss"]
[EventRounds "7"]
[EventCountry "GER"]
[SourceTitle "EXT 2014"]
[Source "ChessBase"]
[SourceDate "2013.11.20"]
[SourceVersion "1"]
[SourceVersionDate "2013.11.20"]
[SourceQuality "1"]

1. e4 e6 2. Nf3 d5 3. Nc3 Nf6 4. e5 Nfd7 5. d4 c5 6. dxc5 Bxc5 7. Bd3 Nc6 8. Bf4 Qb6 9. 0-0 a6 10. Na4 Qb4 11. Nxc5 Qxf4 12. Nxd7 Bxd7 13. Re1 0-0 14. c3 f6 15. g3 Qh6 16. Bc2 Be8 17. Nd4 f5 18. f4 Bh5 19. Qd2 Rac8 20. Bd1 Nxd4 21. Bxh5 Qxh5 22. Qxd4 Rc6 23. Rac1 Rfc8 24. b3 b5 25. Rf1 Qe8 26. Rf2 Qd8 27. Rfc2 Qc7 28. Kf2 h6 29. Ke3 a5 30. Kd3 Kh7 31. a4 b4 32. c4 dxc4+ 33. Rxc4 Rd8 34. Rxc6 Rxd4+ 35. Kxd4 Qd7+ 36. Rd6 Qa7+ 37. Rc5 Qb7 38. Rcc6 Qa7+ 39. Kc4 Qe3 40. Rxe6 Qc3+ 41. Kb5 Qxb3 42. Kxa5 Qa3 43. Rb6 b3 44. Rb5 b2 45. Reb6 Qc3+ 46. Ka6 Qc8+ 47. Rb7 Qc4 48. Ka7 Qd4+ 49. Ka8 Qd8+ 50. Rb8 Qd3 1/2-1/2

[Event "Rhein Main op-A 16th"]
[Site "Bad Homburg"]
[Date "2013.05.30"]
[Round "3"]
[White "Bjerke, Silje"]
[Black "Diyap, Murat"]
[Result "1-0"]
[WhiteElo "2210"]
[BlackElo "1944"]
[PlyCount "49"]
[EventDate "2013.05.29"]
[EventType "swiss"]
[EventRounds "7"]
[EventCountry "GER"]
[SourceTitle "EXT 2014"]
[Source "ChessBase"]
[SourceDate "2013.11.20"]
[SourceVersion "1"]
[SourceVersionDate "2013.11.20"]
[SourceQuality "1"]

1. e4 c5 2. Nf3 Nc6 3. d4 cxd4 4. Nxd4 Nf6 5. Nc3 e5 6. Ndb5 d6 7. Bg5 a6 8. Na3 b5 9. Nd5 Be7 10. Bxf6 Bxf6 11. c4 b4 12. Nc2 a5 13. Qf3 Be6 14. Rd1 Bg5 15. h4 Bxh4 16. c5 Be7 17. Nxe7 Qxe7 18. Rxd6 Rc8 19. Bb5 Qb7 20. Qd3 Qa8 21. f4 0-0 22. f5 Bxa2 23. Qh3 h6 24. Rxh6 g6 25. Rxg6+ 1-0

[Event "Hessen-ch U18"]
[Site "Bad Homburg"]
[Date "2013.??.??"]
[Round "1"]
[White "Diyap, Murat"]
[Black "Schlitzer, Felix"]
[Result "1-0"]
[WhiteElo "1944"]
[BlackElo "1582"]
[PlyCount "89"]
[EventDate "2013.03.??"]
[EventType "swiss"]
[EventRounds "7"]
[EventCountry "GER"]
[SourceTitle "EXT 2014"]
[Source "ChessBase"]
[SourceDate "2013.11.20"]
[SourceVersion "1"]
[SourceVersionDate "2013.11.20"]
[SourceQuality "1"]

1. e4 e5 2. Nf3 Nc6 3. Bc4 Nf6 4. d3 Be7 5. c3 d6 6. Bb3 Bg4 7. Nbd2 d5 8. Qe2 d4 9. c4 Nh5 10. Nf1 Bb4+ 11. Kd1 Qf6 12. Ba4 0-0 13. Bxc6 Bxf3 14. Qxf3 Qxf3+ 15. gxf3 bxc6 16. Ng3 Nf6 17. Ke2 Nd7 18. a3 Bd6 19. b4 Rfc8 20. c5 Bf8 21. f4 a5 22. Bd2 axb4 23. axb4 Rcb8 24. fxe5 Nxe5 25. f4 Nd7 26. Nf5 Rxa1 27. Rxa1 g6 28. Nxd4 Bg7 29. e5 Nxe5 30. fxe5 Bxe5 31. Nxc6 Re8 32. Nxe5 Rxe5+ 33. Kf3 f6 34. Ra8+ Kf7 35. Ra7 g5 36. Rxc7+ Kg6 37. Bc3 Rf5+ 38. Ke4 Rf4+ 39. Ke3 Rh4 40. b5 Rxh2 41. b6 Rh3+ 42. Kd4 g4 43. b7 g3 44. b8Q g2 45. Qg8+ 1-0